000 00520nam a2200193Ia 4500
003 LDD
008 181029s9999 xx 000 0 und d
020 _a1591406617
_c
_89.95
040 _cLDD
100 _aPolgar, Jana
245 0 _aBuilding and managing enterprise-wide portals
_cJana Polgar
260 _aHershey
_bIDEA
_c2006
300 _axv, 335p.
365 _b
_89.95
901 _a3905
_b29-03-2007
902 _a1388
_b29-03-2007
_cF
_dBB
_e0
903 _aDiscount-10
_bReqst by : Moumita Das
942 _2ddc
_cBK
999 _c78922
_d78922